| 000 | 01211nam a22003254a 4500 | ||
|---|---|---|---|
| 001 | ebr5004365 | ||
| 003 | CaPaEBR | ||
| 006 | m u | ||
| 007 | cr cn||||||||| | ||
| 008 | 010615s2002 azua s 001 0 eng | ||
| 010 | _z 2001042170 | ||
| 020 | _z1576109976 (pbk.) | ||
| 040 |
_aCaPaEBR _cCaPaEBR |
||
| 035 | _a(OCoLC)70749303 | ||
| 050 | 1 | 4 |
_aQA76.9.C55 _bS345 2002eb |
| 082 | 0 | 4 |
_a005.7/13769 _221 |
| 100 | 1 | _aSchein, Phillip G. | |
| 245 | 1 | 0 |
_aExchange 2000 .NET server black book _h[electronic resource] / _cPhillip G. Schein, Evan Benjamin, Cherry Beado. |
| 260 |
_aScottsdale, Ariz. : _bCoriolis, _cc2002. |
||
| 300 |
_axxxiii, 842 p. : _bill. |
||
| 500 | _aIncludes index. | ||
| 533 |
_aElectronic reproduction. _bPalo Alto, Calif. : _cebrary, _d2013. _nAvailable via World Wide Web. _nAccess may be limited to ebrary affiliated libraries. |
||
| 630 | 0 | 0 | _aMicrosoft Exchange server. |
| 650 | 0 | _aClient/server computing. | |
| 655 | 7 |
_aElectronic books. _2local |
|
| 700 | 1 | _aBenjamin, Evan. | |
| 700 | 1 | _aBeado, Cherry. | |
| 710 | 2 | _aebrary, Inc. | |
| 856 | 4 | 0 |
_uhttp://site.ebrary.com/lib/rucke/Doc?id=5004365 _zAn electronic book accessible through the World Wide Web; click to view |
| 999 |
_c744 _d744 |
||